Hydrogen storage materials: the characterisation of their storage properties (Record no. 46059)

MARC details
000 -LEADER
fixed length control field 00808nam a2200205 a 4500
008 - FIXED-LENGTH DATA ELEMENTS--GENERAL INFORMATION
fixed length control field 190606s2011 ||||||||||||||||| || u
020 ## - INTERNATIONAL STANDARD BOOK NUMBER
International Standard Book Number 9780857292209
020 ## - INTERNATIONAL STANDARD BOOK NUMBER
International Standard Book Number 085729220X (alk. paper)
020 ## - INTERNATIONAL STANDARD BOOK NUMBER
International Standard Book Number 9780857292216 (e-ISBN)
050 ## - LIBRARY OF CONGRESS CALL NUMBER
Classification number TP 245.H9 Bro
100 ## - MAIN ENTRY--PERSONAL NAME
Personal name Broom, Darren P
245 10 - TITLE STATEMENT
Title Hydrogen storage materials: the characterisation of their storage properties
Statement of responsibility, etc. by Darren P. Broom
260 ## - PUBLICATION, DISTRIBUTION, ETC.
Place of publication, distribution, etc. London
Name of publisher, distributor, etc. Springer
Date of publication, distribution, etc. 2011
300 ## - PHYSICAL DESCRIPTION
Extent xii, 258 pages
350 ## - PRICE (NR) (BK AM CF MU VM SE) [OBSOLETE]
Price 179.84
490 ## - SERIES STATEMENT
Series statement Green energy and technology
500 ## - GENERAL NOTE
General note Includes bibliographical references and index.
650 #0 - SUBJECT ADDED ENTRY--TOPICAL TERM
Topical term or geographic name entry element HYDROGEN--STORAGE--MATERIALS
995 ## - RECOMMENDATION 995 [LOCAL, UNIMARC FRANCE]
-- CBU-MAIN LIBRARY (Kitwe)
-- 179.84
-- 1
-- AVAILABLE
-- Jun 6, 2019
-- Main Library Open Access Collection
Holdings
Withdrawn status Lost status Source of classification or shelving scheme Damaged status Not for loan Home library Current library Shelving location Date acquired Total Checkouts Full call number Barcode Date last seen Price effective from Koha item type
          CBU-MAIN LIBRARY, KITWE. CBU-MAIN LIBRARY, KITWE.   11/30/2022   TP 245.H9 Bro 749100 11/30/2022 11/30/2022 MONOGRAPH